000 00297nam a22001217a 4500
008 171102b xxu||||| |||| 00| 0 eng d
041 _aeng
080 _a339.9
100 _a59
101 _aGLO
245 _aTHE WASHIGTON PAPERS INTERNATIONAL ECONOMICS RELATIONS
_cANDREW,S
942 _2udc
_cBK
999 _c37198
_d37198